LEADER 01280nam0 22003133i 450 001 VAN00291701 005 20250422094803.531 010 $a88-88137-07-6 100 $a20250422d2001 |0itac50 ba 101 $aita 102 $aIT 105 $a|||| ||||| 181 $ai$b e 182 $an 183 $anc 200 1 $aˆLa ‰conversione dei decreti legge davanti alla Camera dei deputati$ela prassi del Comitato per la legislazione$fNadia Maccabiani 210 $aBrescia$cPromodis$d[2001] 215 $a97 p.$d24 cm 316 $aFondo Ferrara$5IT-IT-CE0105 CONSF.G.1268 410 1$1001VAN00286575$12001 $aQuaderni brevi del Dipartimento di scienze giuridiche$fUniversità degli studi di Brescia$v4 620 $dBrescia$3VANL000126 700 1$aMaccabiani$bNadia$3VANV247275$0480233 712 $aPromodis $3VANV112747$4650 801 $aIT$bSOL$c20251212$gRICA 899 $aBIBLIOTECA DEL DIPARTIMENTO DI GIURISPRUDENZA$1IT-CE0105$2VAN00 912 $aVAN00291701 950 $aBIBLIOTECA DEL DIPARTIMENTO DI GIURISPRUDENZA$d00CONS F.G.1268 $e00FG 1268 20250422 Fondo Ferrara 996 $aConversione dei decreti legge davanti alla Camera dei deputati$94370574 997 $aUNICAMPANIA